Vybrané aspekty kvality podnikatelského prostředí jako výchozího faktoru efektivnosti regionálních rozvojových projektů (případové studie)

Guardado en:
Detalles Bibliográficos
Autor principal: Viturka, Milan
Formato: Libro
Lenguaje:checo
Publicado: Brno Masarykova univerzita - Ekonomicko-správní fakulta 2002
Materias:
Etiquetas: Agregar Etiqueta
Sin Etiquetas, Sea el primero en etiquetar este registro!

MARC

LEADER 00000nam a2200000 4500
001 c139455
005 20221124093230.0
020 |a 80-210-2813-0 
041 0 |a cze 
044 |a CZ 
245 1 0 |a Vybrané aspekty kvality podnikatelského prostředí jako výchozího faktoru efektivnosti regionálních rozvojových projektů  |b (případové studie)  |c Milan Viturka & kolektiv 
264 1 |a Brno  |b Masarykova univerzita - Ekonomicko-správní fakulta  |c 2002 
300 |a 169 s. 
610 2 0 |a rozvoj regionálny 
610 2 0 |a hospodárstvo regionálne 
610 2 0 |a prostredie podnikateľské 
610 2 0 |a efektívnosť 
610 2 0 |a mikroregióny 
610 2 0 |a Česko 
610 2 0 |a zamestnanosť 
610 2 0 |a regióny 
610 2 0 |a investície zahraničné 
610 2 0 |a trh práce 
610 2 0 |a nezamestnanosť 
610 2 0 |a správa miestna 
610 2 0 |a rozpočet miestny 
610 2 0 |a príjmy 
610 2 0 |a podnikanie malé 
610 2 0 |a podnikanie stredné 
610 2 0 |a ruch cestovný 
100 1 |a Viturka, Milan